00713 2200253 4500001002100000005001700021008004100038020001800079035002400097040001400121082000800135084001400143090001400157100001600171245008800187260003600275300002600311440002900337650002400366700001700390990001600407990001800423990001800441INLIS00000000000006120151026111120.0  a979-730-811-1 0010-101500000000016 aNUPBUNLOB a398 a398 Set j a398 Set j aA. Setiawan aJaya Prakosa:bsenapati kerajaan pakuah parjaran dan patih kerajaan sumedang larang aBandung:bPustaka Setia,c2006. a140 hlm.; ilu.; 28 cm aCerita rakyat jawa barat aFiksi/Cerita Rakyat aU. Syahbudin a9002/Rut/06 a12676/PN/2015 a12677/PN/2015